000 00607nam a2200241Ia 4500
003 OSt
005 20221005114235.0
006 a|||||r|||| 00| 0
007 ta
008 221004b |||||||| |||| 00| 0 guj d
024 _a40912
037 _cTextual
040 _aCRL
_cCRL
_bguj
041 _2guj
_aguj
082 _aO156,1MMNx, H8
100 _aHardev Harilal Au.
_9625657
245 0 _aAothigan krit kavya
260 _c1948
300 _a354p.
_ccm.
650 _aGUJRATI LITERATURE
942 _hO156,1MMNx, H8
_cTEXL
_2cc
999 _c1030732
_d1030732